000 00267nam a22000977a 4500
020 _a9789945802078
100 1 _aFlorentino, Maritza
_987364
245 0 _aBienvenida, la tortuga verde, va a Nueva York
264 _aSanto Domingo :
_bBúho,
_c2024.
300 _a38 páginas ;
999 _c58659
_d58659